000 02096nka a2200373 i 4500
001 102935
003 ES-MaACL
005 20250823063058.0
007 t|
008 051220e1798 sp f | |r||1c|spa d
100 1 _aGlarion-Mondel, E. J.,
_d1798-
_eegr
_957391
245 1 3 _aLa fragua de Vulcano
_h[Material gráfico] /
_cDn Diego Velázquez de Silva Pinx ; Diego Alcántara Franco del. ; Glairon Mondet sc. 1798
260 _a[Madrid :
_bse hallará en la Calcografía de la Imprenta Real,
_c1798]
300 _a1 estampa :
_bgrabado calcográfico ;
_c525 x 565 mm
490 1 _aColección facticia de grabados ;
_v15
_9184692
500 _aInscripción: "La Fragua de Bulcano, pintado por Dn. Diego Velazquez de Silva, cuyo Original se halla en el Real Palacio de Madrid, tiene de latitud diez pies y medio, y ocho de longitud"
500 _aEstampa que reproduce la pintura de Velázquez que se conservaba en el Palacio Real de Madrid, hoy en el Museo del Prado. Glairon-Mondet grabó la plancha de cobre en 1798, por la que cobró 40.000 reales, a partir del dibujo de Francisco Alcántara
520 _aLa escena transcurre en el interior de una fragua, donde los personajes trabajan y miran atentamente la aparición del dios
530 _aDisponible en formato digital
600 1 4 _aVelázquez, Diego,
_d1599-1660.
_tLa fragua de Vulcano
_9113798
650 7 _aVulcano (Divinidad romana)
_2embne
_9241965
655 4 _aGrabados calcográficos
_2tgfbne
_9241761
655 7 _aGrabados
_2tgfbne
_9226846
655 4 _aReproducciones de obras de arte
_9241931
700 1 _aVelázquez, Diego,
_d1599-1660
_eart
_9113793
700 1 _aAlcántara Franco, Diego,
_edrm
_919500
_ds. XVIII-XIX
710 2 _aCalcografía de la Imprenta Real
_eedt
_9241806
830 0 _aColección facticia de grabados ;
_v15
_9184692
852 4 _aES-MaACL
_cDEPO2
_jGF-2(15)
856 4 _uhttps://bdh-rd.bne.es/viewer.vm?id=0000151845&page=1
_yVersión en línea
_z(Biblioteca Digital Hispánica)
942 _2udc
_cDIBGRB
_n0
999 _c102935
_d102935